General Knowledge - Double Vowel Words - Statistics

General Stats
  • This quiz has been taken 30 times
  • The average score is 12 of 30
Answer Stats
Hint Answer % Correct
Castle game piece Rook
96%
Composer known for his hearing impairment Ludwig van Beethoven
85%
First animal listed in English dictionaries Aardvark
73%
Stuffed bears were named after this US president Theodore Roosevelt
73%
Number followed by a hundred zeros after one Googol
62%
Birthplace of democracy Greece
58%
Sweet treat often confused with France's colorful sandwich cookies Macaroon
58%
Roman city preserved in ash after the Mount Vesuvius eruption Pompeii
58%
Capital of Florida Tallahassee
58%
Timon, for example Meerkat
50%
One of the three types of swords used in fencing Epee
46%
Landlocked US state Tennessee
46%
Scottish city whose name means "mouth of the river Don" Aberdeen
42%
Capital of Sierra Leone Freetown
42%
Capital of Greenland Nuuk
42%
Boy genius who appears as an adult in "The Big Bang Theory" Sheldon Cooper
42%
Organ responsible for blood filtration and storage Spleen
42%
Space with very low particle density and pressure Vacuum
42%
Web portal popular in the early 2000s Yahoo!
42%
City that once served as Tanzania's capital Dar es Salaam
38%
Chinese zodiac animal Rooster
31%
Common term for dentifrice Toothpaste
23%
Traditional Chinese tea that is partially oxidized Oolong
19%
Porcelain covering usually worn by celebrities and actors Veneer
19%
Fruit similar to rambutan Lychee
15%
Close-fitting garment worn by men in the 19th century Pantaloon
12%
Dutch scientist known as "the Father of Microbiology" Antonie van Leeuwenhoek
8%
Birthplace of answer above Cameroon
8%
English polymath who formulated the law of elasticity Robert Hooke
8%
NBA player who won MVP in 2023 Joel Embiid
4%
No matching quizzes found
Score Distribution
Percent of People with Each Score
Percentile by Number Answered
Your Score History
You have not taken this quiz